Statystyki dla Polskie Miasta Gdzie Prostytuki Są Najtańsze

Kliknij tutaj aby rozwiązać quiz!

Ogólne statystyki

  • Ten quiz został rozwiązany 259 razy
  • Średni wynik to 5 z 10

Statystyki odpowiedzi

CenaMiasto% Poprawnych
180 PLNLublin
72%
191 PLNŁódź
66%
186 PLNRadom
66%
190 PLNRzeszów
64%
176 PLNToruń
56%
155 PLNCzęstochowa
45%
150 PLNZakopane
38%
188 PLNGorzów Wielkopolski
36%
175 PLNPrzemyśl
25%
142 PLNInowrocław
19%

Rozkład punktacji

Percentyl według liczby udzielonych odpowiedzi

Procent ludzi z każdym wynikiem

Twoja historia wyników

Nie rozwiązałeś tego quizu